| 000 | 00960nam a2200277 i 4500 | ||
|---|---|---|---|
| 001 | 9093 | ||
| 003 | ES-MaACL | ||
| 005 | 20230906145612.0 | ||
| 007 | t| | ||
| 008 | 930512s1992 sp ||||1| spa d | ||
| 020 | _a84-7658-329-X | ||
| 080 | _a123 | ||
| 100 | 1 |
_aGómez Rodríguez, Amparo. _958138 |
|
| 245 | 1 | 0 |
_aSobre actores y tramoyas _b: la explicación situacional de la acción individual / _cAmparo Gómez Rodríguez ; presentación de Javier Muguerza. |
| 250 | _a[1ª ed.]. | ||
| 260 |
_aBarcelona : _bAnthropos ; _aTenerife : _bUniversidad de La Laguna, _c1992. |
||
| 300 |
_a172 p. ; _c20 cm. |
||
| 490 | 1 |
_aAutores, textos y temas. Filosofía ; _v38 |
|
| 650 | 1 | 4 |
_aIndividualismo. _913708 |
| 650 | 1 | 4 |
_aLibertad. _914400 |
| 700 | 1 |
_aMuguerza, Javier. _984074 |
|
| 710 | 2 |
_aUniversidad de La Laguna. _97194 |
|
| 830 | 0 |
_aAutores, textos y temas. Filosofía ; _v38 _9177263 |
|
| 852 |
_aES-MaACL _jL-16608 _bR.120179 |
||
| 999 |
_c9093 _d9093 |
||